Výkonnostné rozdiely medzi podnikmi v domácom a zahraničnom vlastníctve

Zameranie na analýzu výkonnostných rozdielov medzi podnikmi v domácom a zahraničnom vlastníctve. Posudzovanie takých ukazovateľov ako produktivita práce, mzdová úroveň, ziskovosť tržieb a finančná páka.

Salvato in:
Dettagli Bibliografici
Autore principale: Bobenič Hintošová, Aneta, 1979-
Natura: Capitolo di libro
Lingua:slovacco
Soggetti:
Tags: Aggiungi Tag
Nessun Tag, puoi essere il primo ad aggiungerne!!

MARC

LEADER 00000naa$a2200000$$$4500
001 0267860
005 20240502074212.8
041 0 |a slo 
044 |a SK 
245 1 0 |a Výkonnostné rozdiely medzi podnikmi v domácom a zahraničnom vlastníctve  |c Aneta Bobenič Hintošová 
520 |a Zameranie na analýzu výkonnostných rozdielov medzi podnikmi v domácom a zahraničnom vlastníctve. Posudzovanie takých ukazovateľov ako produktivita práce, mzdová úroveň, ziskovosť tržieb a finančná páka. 
610 2 0 |a vlastníctvo 
610 2 0 |a výkonnosť 
610 2 0 |a produktivita práce 
610 2 0 |a podnik 
100 1 |a Bobenič Hintošová, Aneta, 1979-